01311 2200409 4500001002100000005001500021035002000036007000300056008004100059020002200100020002200122040002200144082001700166084001900183090002300202090002200225100002700247245017600274250002600450300005000476650001900526700002100545850001200566504002800578264004100606264004100647336002100688337003000709338002300739999002200762990002200784990001700806990002200823990001700845990001700862990002200879INLIS00000000085456220200226024300 a0010-0220000732ta200226s2018 yoia gr ind d a978-602-5752-53-7 a978-979-911-520-1 aYOPDYOGbinderda04223a615.8224 a615.8224 DAD t aDEP 615.8224 DAD t aCB-D.11 2018-36010 aDadan Gunawanepenulis10aTeknik mudah & lengkap pijat refleksi :bcepat sembuh dari aneka penyakit kronis tanpa operasi, tanpa suntik, tanpa biaya mahal /cpenulis, Dadan Gunawan; penyunting, Rudy aCetakan pertama, 2018 avi, 154 halaman :bilustrasi, gambar ;c23 cm 4aPijat refleksi0 aRudyepenyunting aYOPDYOG aBibliogafi: halaman 15431aYogyakarta :bMedia Pressindo,c201831aYogyakarta :bMedia Pressindo,c2014 2rdacontentateks 2rdamediaatanpa perantara 2rdacarrieravolume aCB-D.11/2018-3601 aCB-D.11/2018-3601 a3249-KS/B.15 aCB-D.11/2018-3601 a3250-KS/B.15 a3249-KS/B.15 aCB-D.11/2018-3601